Logo Biblioteca

Manifiestos 1956 1976 : (Registro nro. 448)

Detalles MARC
000 -LEADER
fixed length control field 00819nam a22001697a 4500
003 - CONTROL NUMBER IDENTIFIER
control field OSt
005 - DATE AND TIME OF LATEST TRANSACTION
control field 20250219101343.0
008 - FIXED-LENGTH DATA ELEMENTS--GENERAL INFORMATION
fixed length control field 250219s2015 ag ||||| |||| 00| 0 spa d
020 ## - INTERNATIONAL STANDARD BOOK NUMBER
International Standard Book Number 9789873772375
040 ## - CATALOGING SOURCE
Transcribing agency besoc
245 00 - TITLE STATEMENT
Title Manifiestos 1956 1976 :
Remainder of title Políticos argentinos
260 ## - PUBLICATION, DISTRIBUTION, ETC.
Place of publication, distribution, etc. Buenos Aires :
Name of publisher, distributor, etc. Ministerio de Cultura de la Nación,
Date of publication, distribution, etc. 2015
300 ## - PHYSICAL DESCRIPTION
Extent 703 p.
505 1# - FORMATTED CONTENTS NOTE
Formatted contents note Resistencia -- Desarrollismo y modernización -- Recepciones de la revolución cubana y nuevo latinoamericanismo -- Revisar la historia: colonialismo y nación -- De la revolución argentina al Gan -- La dependencia en cuestión -- Dossier pueblo insurrecto -- Militancias y organizaciones revolucionarias -- De "Perón vuelve" a la antesala del horror.-
650 #4 - SUBJECT ADDED ENTRY--TOPICAL TERM
Topical term or geographic name entry element Historia
General subdivision Política
Geographic subdivision Argentina
Chronological subdivision Siglo XX
942 ## - ADDED ENTRY ELEMENTS (KOHA)
Source of classification or shelving scheme Universal Decimal Classification
Koha item type Libro de préstamo a domicilio
Suppress in OPAC No
Existencias
Withdrawn status Lost status Source of classification or shelving scheme Damaged status Not for loan Collection Home library Current library Date acquired Total checkouts Full call number Barcode Date last seen Price effective from Koha item type
    Universal Decimal Classification     Colección General Biblioteca Escuela de Ciencias Sociales Biblioteca Escuela de Ciencias Sociales 19/02/2025   94:32(82) M278 000398 19/02/2025 19/02/2025 Libro de préstamo a domicilio
Biblioteca de la Escuela Preuniversitaria en Ciencias Sociales y Humanísticas.
Riobamba 250 bis.
CP 2000 - Rosario - Santa Fe
E-Mail: biblioteca@esociales.unr.edu.ar